Nr. 1-Hit oder nicht? - 2 - Statistiken

Allgemein
  • Dieses Quiz wurde 8 mal gespielt
  • Das Durchschnittsergebnis liegt bei 13 aus 25
Antwortstatistiken
Frage Antwort % Korrekt
Magic Affair Ja
88%
Plastic Bertrand Nein
75%
Vangelis Ja
63%
Nightwish Nein
63%
The Tremeloes Nein
63%
Wes Nein
63%
Gompie Nein
63%
The All-American Rejects Nein
63%
Apoptygma Berzerk Nein
63%
Mory Kanté Nein
63%
Space Ja
50%
Everything but the Girl Ja
50%
Babylon Zoo Ja
50%
Ofra Haza Ja
50%
Plain White T’s Ja
50%
Soulful Dynamics Ja
50%
Oliver Onions Ja
50%
Outhere Brothers Ja
50%
The Flying Pickets Ja
38%
Jive Bunny & the Mastermixers Ja
38%
Faul & Wad Ad Ja
38%
Pérez Prado Ja
38%
Bruce & Bongo Ja
25%
Frijid Pink Ja
25%
Right Said Fred Nein
25%
Keine übereinstimmenden Quizze gefunden
Verteilung der Resultate
Anzahl Personen mit jedem Resultat
Perzentil nach korrekt beantworteten Fragen
Ihre Resultats-Entwicklung
Sie haben dieses Quiz noch nicht gespielt